[Event "Offene Thüringer Seniorenmeisterschaft"]
[Site "Apolda"]
[Date "2024.02.17"]
[Round "2.26"]
[White "Mankus, Siegfried"]
[Black "Guder, Sibylle"]
[Result "0-1"]
[WhiteElo "1522"]
[BlackElo "1815"]
[PlyCount "108"]
[EventDate "2024.??.??"]
[WhiteTeam "Spvg Zabo-Eintracht Nürnberg e.V"]
[BlackTeam "SF Berlin 1903 e.V."]

1. d4 g6 2. c4 Bg7 3. Nc3 d6 4. Nf3 Nc6 5. e4 Bg4 6. d5 Nd4 7. Be2 Nxe2 8. Qxe2
Nf6 9. h3 Bxf3 10. Qxf3 c6 11. Bd2 O-O 12. O-O Nd7 13. dxc6 bxc6 14. b4 Qb6 15.
Rfb1 Qd4 16. Qe2 Ne5 17. c5 dxc5 18. bxc5 Qxc5 19. Rb3 Nc4 20. Rc1 Nxd2 21.
Qxd2 Rfd8 22. Qc2 Bh6 23. Rd1 Bf4 24. Qe2 Be5 25. Rxd8+ Rxd8 26. Nd1 Qd4 27.
Ne3 Qxe4 28. g3 Bc7 29. Rb2 e6 30. Kh2 h5 31. Rd2 Rxd2 32. Qxd2 h4 33. Nf1
hxg3+ 34. Nxg3 Qf4 35. Qxf4 Bxf4 36. Kg2 Kf8 37. Ne2 Bd6 38. Nd4 c5 39. Nb5 Bb8
40. Kf1 Ke7 41. Ke2 a6 42. Na3 Be5 43. Kd3 g5 44. Nc4 Bd4 45. f3 f5 46. a4 Kf6
47. Nb6 Ke5 48. Nd7+ Kf4 49. Nf8 e5 50. Ne6+ Kxf3 51. Nxg5+ Kg3 52. Kc4 e4 53.
Kd5 e3 54. h4 e2 0-1

[Event "Offene Thüringer Seniorenmeisterschaft"]
[Site "Apolda"]
[Date "2024.02.18"]
[Round "3.1"]
[White "Krüger, Erich"]
[Black "Brüggemann, Joachim"]
[Result "1/2-1/2"]
[WhiteElo "2137"]
[BlackElo "2277"]
[PlyCount "48"]
[EventDate "2024.??.??"]
[WhiteTeam "SF Essen-Katernberg 04/32 e.V."]
[BlackTeam "Erfurter SK"]

1. d4 Nf6 2. c4 e6 3. Nc3 Bb4 4. e3 b6 5. Nge2 Ne4 6. Qc2 Bb7 7. a3 Bxc3+ 8.
Nxc3 Nxc3 9. Qxc3 O-O 10. b3 Qh4 11. Bb2 d6 12. d5 Qh6 13. O-O-O Nd7 14. Bd3
exd5 15. cxd5 Bxd5 16. Bxh7+ Qxh7 17. Rxd5 Nc5 18. Qc2 Rad8 19. Rhd1 a6 20. Rg5
Qxc2+ 21. Kxc2 f6 22. Rgd5 Rfe8 23. h4 Kf7 24. g3 Ne4 1/2-1/2

[Event "Offene Thüringer Seniorenmeisterschaft"]
[Site "Apolda"]
[Date "2024.02.18"]
[Round "3.2"]
[White "Prüfer, Friedbert"]
[Black "Cap, Piotr"]
[Result "1/2-1/2"]
[WhiteElo "2209"]
[BlackElo "2105"]
[PlyCount "71"]
[EventDate "2024.??.??"]
[WhiteTeam "TSG 1861 Taucha"]
[BlackTeam "RPW Okucia Budowlane Lodz"]

1. d4 g6 2. e4 Bg7 3. c4 d6 4. Nc3 Nc6 5. Be3 e5 6. d5 Nd4 7. Nge2 Nxe2 8. Bxe2
f5 9. exf5 Bxf5 10. Bd3 Nf6 11. Qc2 Qd7 12. f3 Bxd3 13. Qxd3 a6 14. O-O O-O 15.
Bg5 Nh5 16. Ne4 h6 17. Be3 Kh7 18. Qd2 Rf7 19. c5 Nf4 20. cxd6 cxd6 21. Rac1
Bf8 22. Rc2 Rc8 23. Rfc1 Rxc2 24. Rxc2 Qb5 25. b3 Nxd5 26. Bf2 Nb4 27. a4 Qa5
28. Rc8 Nc6 29. Qxa5 Nxa5 30. b4 d5 31. Bc5 Bxc5+ 32. Nxc5 Nc6 33. b5 axb5 34.
axb5 Na7 35. Rd8 Nxb5 36. Rxd5 1/2-1/2

[Event "Offene Thüringer Seniorenmeisterschaft"]
[Site "Apolda"]
[Date "2024.02.18"]
[Round "3.3"]
[White "Zipfel, Frank"]
[Black "Feld-Gerdes, Wolfgang"]
[Result "1-0"]
[WhiteElo "2146"]
[BlackElo "2097"]
[PlyCount "60"]
[EventDate "2024.??.??"]
[WhiteTeam "fuß brothers Jena"]
[BlackTeam "SC Suhl"]

1. e4 c5 2. Nf3 g6 3. d4 cxd4 4. Nxd4 Nf6 5. Nc3 Nc6 6. Nxc6 bxc6 7. e5 Ng8 8.
Bc4 Qa5 9. f4 Ba6 10. Bb3 f6 11. Bd2 Qc7 12. Qf3 e6 13. O-O-O O-O-O 14. Qe4 Bc5
15. Qa4 Qb6 16. Ne4 Bb5 17. Qa5 Be7 18. Qc3 fxe5 19. Be3 Qc7 20. fxe5 h5 21.
Nd6+ Kb8 22. Nf7 Rh7 23. Nxd8 Bxd8 24. a4 Ba6 25. Bc5 Be7 26. Rd4 Bxc5 27. Qxc5
Ne7 28. Rhd1 Nf5 29. Rb4+ Ka8 30. Bc4 Bxc4 1-0

[Event "Offene Thüringer Seniorenmeisterschaft"]
[Site "Apolda"]
[Date "2024.02.18"]
[Round "3.4"]
[White "Pfitzer, Norbert"]
[Black "Belke, Frank"]
[Result "0-1"]
[WhiteElo "2044"]
[BlackElo "2144"]
[PlyCount "86"]
[EventDate "2024.??.??"]
[WhiteTeam "SV Backnang"]
[BlackTeam "SK Hitzing-Wien"]

1. d4 Nf6 2. Nf3 g6 3. g3 Bg7 4. Bg2 d5 5. O-O O-O 6. c4 c6 7. cxd5 cxd5 8. Nc3
Nc6 9. Bf4 Ne4 10. Rc1 Bf5 11. h3 Nxc3 12. bxc3 Be4 13. Qd2 Na5 14. Bh6 Nc4 15.
Qf4 f6 16. Bxg7 Kxg7 17. Ra1 Rc8 18. h4 Qd6 19. Qc1 Rc7 20. a4 b6 21. Nd2 Bxg2
22. Kxg2 Rfc8 23. Nb1 Qd7 24. Rd1 Nd6 25. Qb2 Rc4 26. Qb3 Ne4 27. Rd3 Qc7 28.
Ra3 e6 29. Qd1 f5 30. e3 h6 31. Qe1 Qd7 32. f3 Nd6 33. Qd1 g5 34. hxg5 hxg5 35.
Nd2 R4c7 36. Qe2 Rh8 37. e4 fxe4 38. fxe4 e5 39. exd5 Qh3+ 40. Kf2 e4 41. Re3
Rf7+ 42. Ke1 Qh1+ 43. Nf1 Rhf8 0-1

[Event "Offene Thüringer Seniorenmeisterschaft"]
[Site "Apolda"]
[Date "2024.02.18"]
[Round "3.5"]
[White "Brandes, Stephan"]
[Black "Wünsch, Ulrich"]
[Result "1-0"]
[WhiteElo "2128"]
[BlackElo "1936"]
[PlyCount "33"]
[EventDate "2024.??.??"]
[WhiteTeam "Hildesheimer SV"]
[BlackTeam "USG Chemnitz"]

1. e4 c5 2. b4 cxb4 3. Bb2 Nc6 4. d4 d5 5. exd5 Qxd5 6. c4 bxc3 7. Nxc3 Qa5 8.
d5 Nb8 9. Qb3 Nf6 10. Bc4 Nbd7 11. Nf3 Nc5 12. Qb5+ Qxb5 13. Nxb5 Na6 14. O-O
Nd7 15. Rfe1 Nb6 16. Bb3 Bd7 17. Nd6+ 1-0

[Event "Offene Thüringer Seniorenmeisterschaft"]
[Site "Apolda"]
[Date "2024.02.18"]
[Round "3.6"]
[White "Von Otte, Wilhelm"]
[Black "Richter, Rainer"]
[Result "0-1"]
[WhiteElo "2103"]
[BlackElo "1945"]
[PlyCount "40"]
[EventDate "2024.??.??"]
[WhiteTeam "TSG Ruhla"]
[BlackTeam "SK Germania Kupferdreh 1924 e.V."]

1. e4 c5 2. c3 d5 3. exd5 Qxd5 4. Nf3 Nf6 5. Na3 Bg4 6. Be2 Nc6 7. O-O e6 8.
Nc2 Be7 9. Ne3 Qd6 10. Qa4 h5 11. Rd1 Nd5 12. d4 Nf4 13. Bf1 Nh3+ 14. gxh3 Bxf3
15. Rd2 Rh6 16. dxc5 Rg6+ 17. Bg2 Qe5 18. Kf1 Rxg2 19. Nxg2 Qxh2 20. Rd3 Qh1#
0-1

[Event "Offene Thüringer Seniorenmeisterschaft"]
[Site "Apolda"]
[Date "2024.02.18"]
[Round "3.7"]
[White "Berghof, Axel"]
[Black "Waltenberger, Udo"]
[Result "1-0"]
[WhiteElo "2078"]
[BlackElo "1987"]
[PlyCount "83"]
[EventDate "2024.??.??"]
[WhiteTeam "SC Suhl"]
[BlackTeam "SV Eiche Reichenbrand"]

1. e4 c5 2. Nf3 Nc6 3. c3 Nf6 4. Qc2 d6 5. d4 cxd4 6. cxd4 Bd7 7. a3 Rc8 8. Nc3
g6 9. h3 Qc7 10. Be3 a6 11. Rc1 Qb8 12. Be2 Bg7 13. O-O O-O 14. b4 e6 15. Qd3
b5 16. Nd2 Rfd8 17. Nb3 Ne7 18. f4 Bc6 19. Bf3 Ba8 20. Bf2 Ne8 21. g4 f5 22.
exf5 Bxf3 23. Qxf3 exf5 24. Nd5 Rd7 25. Bh4 fxg4 26. Qxg4 Nf5 27. Rxc8 Qxc8 28.
Nb6 Qc3 29. Nxd7 Qxb3 30. Bf2 Qe6 31. Nb6 d5 32. Re1 Qxb6 33. Rxe8+ Kf7 34. Re1
Bxd4 35. Qf3 Bxf2+ 36. Qxf2 d4 37. Kh2 Qd6 38. Re5 h5 39. Qa2+ Kf6 40. Qg8 d3
41. Qd5 d2 42. Rxf5+ 1-0

[Event "Offene Thüringer Seniorenmeisterschaft"]
[Site "Apolda"]
[Date "2024.02.18"]
[Round "3.8"]
[White "Gast, Rainer"]
[Black "Heck, Norbert"]
[Result "0-1"]
[WhiteElo "1929"]
[BlackElo "2019"]
[PlyCount "104"]
[EventDate "2024.??.??"]
[WhiteTeam "SV Breitenworbis"]
[BlackTeam "SF Neuberg"]

1. d4 Nf6 2. c4 g6 3. Nc3 Bg7 4. e4 d6 5. Be2 O-O 6. Nf3 e5 7. d5 a5 8. Bg5 h6
9. Bh4 Na6 10. Nd2 Nc5 11. O-O Bd7 12. b3 Qe8 13. a3 g5 14. Bg3 Nfxe4 15. Ndxe4
Nxe4 16. Nxe4 f5 17. f3 fxe4 18. fxe4 Rxf1+ 19. Kxf1 Qg6 20. Bg4 Rf8+ 21. Kg1
Bxg4 22. Qxg4 h5 23. Qe2 g4 24. Rf1 Rxf1+ 25. Kxf1 Bh6 26. Be1 Bc1 27. Bxa5
Bxa3 28. Bd2 Bc5 29. Ke1 Bg1 30. g3 Bd4 31. Kd1 Qf6 32. Be3 Qf3 33. Kd2 Qxe4
34. Bxd4 Qxd4+ 35. Kc2 Kg7 36. Qf1 Qe4+ 37. Kb2 Qf3 38. Qc1 Kg6 39. Qc2+ Qf5
40. Qd2 b6 41. b4 Qf3 42. c5 bxc5 43. bxc5 dxc5 44. d6 cxd6 45. Qxd6+ Kf5 46.
Qxc5 Qe2+ 47. Kc3 Ke4 48. Qc6+ Ke3 49. Qh6+ Kf2 50. Qxh5 Kg2 51. Kb4 e4 52. Kc5
e3 0-1

[Event "Offene Thüringer Seniorenmeisterschaft"]
[Site "Apolda"]
[Date "2024.02.18"]
[Round "3.9"]
[White "Guder, Sibylle"]
[Black "Brömel, Richard"]
[Result "1/2-1/2"]
[WhiteElo "1815"]
[BlackElo "2148"]
[PlyCount "70"]
[EventDate "2024.??.??"]
[WhiteTeam "SF Berlin 1903 e.V."]
[BlackTeam "SV Schott Jena"]

1. c4 c6 2. Nc3 d5 3. e3 Nf6 4. Nf3 e6 5. b3 Bd6 6. Bb2 Nbd7 7. cxd5 exd5 8. d4
O-O 9. Bd3 Re8 10. O-O Ne4 11. Ne2 Qe7 12. a4 Nf8 13. Qc1 Ng6 14. Ba3 Bxa3 15.
Qxa3 Qf6 16. Bxe4 Rxe4 17. Ng3 Re8 18. Nh5 Qd8 19. h3 Nh4 20. Nxh4 Qxh4 21. Ng3
Re6 22. Qb2 Bd7 23. b4 Rae8 24. b5 Qg5 25. bxc6 Bxc6 26. a5 a6 27. Qc2 h5 28.
Qf5 Qxf5 29. Nxf5 g6 30. Ng3 h4 31. Ne2 Bb5 32. Rfe1 b6 33. Nc3 Bc4 34. axb6
Rxb6 35. Reb1 Reb8 1/2-1/2

[Event "Offene Thüringer Seniorenmeisterschaft"]
[Site "Apolda"]
[Date "2024.02.18"]
[Round "3.10"]
[White "Welke, Klaus"]
[Black "Flis, Pawel"]
[Result "1-0"]
[WhiteElo "2140"]
[BlackElo "1932"]
[PlyCount "93"]
[EventDate "2024.??.??"]
[WhiteTeam "SF Nordost Berlin"]
[BlackTeam "RPW Okucia Budowlane Lodz"]

1. d4 Nf6 2. c4 e6 3. a3 c5 4. Nf3 d5 5. e3 cxd4 6. Nxd4 e5 7. Nf3 Nc6 8. cxd5
Nxd5 9. e4 Nc7 10. Qxd8+ Kxd8 11. Be3 Be6 12. Nbd2 Be7 13. Rc1 f6 14. Be2 Kd7
15. O-O Rhc8 16. h3 g6 17. Rc3 f5 18. Rfc1 f4 19. Bc5 Bxc5 20. Rxc5 Kd6 21. b4
a6 22. Bc4 Re8 23. Bxe6 Nxe6 24. Rd5+ Ke7 25. Nc4 Ned4 26. Nxd4 Nxd4 27. Kf1
Kf6 28. Nxe5 Rxe5 29. Rxd4 a5 30. a4 axb4 31. Rxb4 Rea5 32. Rcc4 R8a7 33. Ke2
h5 34. h4 R7a6 35. Kf3 Ke5 36. Rxb7 Rxa4 37. Rb5+ Kf6 38. Rxa4 Rxa4 39. Kxf4
Ra6 40. g3 Rc6 41. e5+ Ke6 42. Kg5 Kf7 43. Rb7+ Kf8 44. f4 Ra6 45. Rd7 Ra3 46.
Kxg6 Rxg3+ 47. Kxh5 1-0

[Event "Offene Thüringer Seniorenmeisterschaft"]
[Site "Apolda"]
[Date "2024.02.18"]
[Round "3.11"]
[White "Einax, Claus-Dieter"]
[Black "Rost, Detlef"]
[Result "1/2-1/2"]
[WhiteElo "2056"]
[BlackElo "1894"]
[PlyCount "36"]
[EventDate "2024.??.??"]
[WhiteTeam "TSG Apolda"]
[BlackTeam "SV Medizin Erfurt"]

1. e4 c5 2. Nc3 Nc6 3. g3 g6 4. Bg2 Bg7 5. Nge2 e6 6. d3 Nge7 7. Be3 Nd4 8. O-O
O-O 9. Qd2 d6 10. Nd1 Rb8 11. c3 Nxe2+ 12. Qxe2 e5 13. Qd2 b6 14. Bh6 d5 15.
Bxg7 Kxg7 16. Qe2 d4 17. c4 g5 18. f3 Be6 1/2-1/2

[Event "Offene Thüringer Seniorenmeisterschaft"]
[Site "Apolda"]
[Date "2024.02.18"]
[Round "3.12"]
[White "Schott, Guido"]
[Black "Lehmann, Joachim"]
[Result "1-0"]
[WhiteElo "2047"]
[BlackElo "1886"]
[PlyCount "55"]
[EventDate "2024.??.??"]
[WhiteTeam "SV Hennef 1927 e.V."]
[BlackTeam "Ilmenauer SV"]

1. Nf3 d5 2. g3 Nf6 3. Bg2 e6 4. d3 Be7 5. Nbd2 O-O 6. O-O c5 7. e4 Nc6 8. Re1
Re8 9. e5 Nd7 10. Nf1 b5 11. h4 Qc7 12. Bf4 Nf8 13. h5 h6 14. Ne3 Nh7 15. Ng4
Qd8 16. Qd2 Ng5 17. c3 Nxf3+ 18. Bxf3 Bg5 19. Kg2 Bb7 20. Rh1 Qe7 21. Rh3 f6
22. exf6 gxf6 23. Nxh6+ Kg7 24. Ng4 Rh8 25. h6+ Kf7 26. Bxg5 fxg5 27. Re1 Rad8
28. Rh5 1-0

[Event "Offene Thüringer Seniorenmeisterschaft"]
[Site "Apolda"]
[Date "2024.02.18"]
[Round "3.13"]
[White "Sauer, Marko"]
[Black "Streit, Jürgen"]
[Result "1-0"]
[WhiteElo "2044"]
[BlackElo "1827"]
[PlyCount "83"]
[EventDate "2024.??.??"]
[WhiteTeam "SG Arnstadt-Stadtilm"]
[BlackTeam "Schachzirkel Elstertal Langenb."]

1. e4 c5 2. c3 d5 3. exd5 Qxd5 4. Nf3 Nf6 5. d4 e6 6. Be2 Nc6 7. O-O Be7 8. h3
O-O 9. Be3 cxd4 10. Nxd4 e5 11. Nb5 Qxd1 12. Rxd1 Rd8 13. Rxd8+ Bxd8 14. Nd2
Nd5 15. Bc5 Be7 16. Bxe7 Ndxe7 17. Nf3 f6 18. Bc4+ Kf8 19. Rd1 Bf5 20. Nh4 Rd8
21. Rxd8+ Nxd8 22. Nxa7 Bc2 23. Nb5 e4 24. g4 Nec6 25. Nf5 Ne5 26. Be2 Ne6 27.
Nfd4 Nxd4 28. Nxd4 Bb1 29. a4 Bd3 30. b3 Bxe2 31. Nxe2 Nf3+ 32. Kg2 Nd2 33. b4
Ke7 34. Nd4 g6 35. Kg3 Kd6 36. Kf4 Kd5 37. Ke3 Nc4+ 38. Ke2 Nb2 39. a5 Kc4 40.
b5 Kxc3 41. a6 bxa6 42. b6 1-0

[Event "Offene Thüringer Seniorenmeisterschaft"]
[Site "Apolda"]
[Date "2024.02.18"]
[Round "3.14"]
[White "Czyz, Andrzej"]
[Black "Schrems, Hermann"]
[Result "1/2-1/2"]
[WhiteElo "1803"]
[BlackElo "2040"]
[PlyCount "140"]
[EventDate "2024.??.??"]
[WhiteTeam "Hetman Wschowa"]
[BlackTeam "SC Emmendingen 1937 e.V."]

1. e4 Nf6 2. Nc3 d5 3. exd5 Nxd5 4. Bc4 c6 5. Nf3 Bg4 6. O-O e6 7. d4 Be7 8.
Be2 Nd7 9. Ne4 N7f6 10. Neg5 O-O 11. c4 Nc7 12. h3 Bf5 13. Nh4 Ne4 14. Nxf5
Bxg5 15. Ne3 Bf6 16. Nc2 e5 17. Bd3 Nd6 18. c5 Ndb5 19. dxe5 Bxe5 20. Bxh7+
Kxh7 21. Qh5+ Kg8 22. Qxe5 Re8 23. Qh5 Ne6 24. Be3 Qf6 25. Rab1 Rad8 26. a4 Rd5
27. Qg4 Nbd4 28. Nxd4 Nxd4 29. Rfd1 Red8 30. Bxd4 Rxd4 31. Rxd4 Qxd4 32. Qxd4
Rxd4 33. b4 Kf8 34. Kf1 Rc4 35. Rb2 a5 36. bxa5 Rxc5 37. Rxb7 Rxa5 38. Rc7 Rxa4
39. Rxc6 g6 40. g4 Kg7 41. Kg2 Ra3 42. f3 Rb3 43. h4 Ra3 44. Kg3 Ra4 45. Rc5
Rb4 46. h5 gxh5 47. Rxh5 f6 48. Ra5 Rb3 49. Kf4 Kg6 50. Kg3 Rc3 51. Rf5 Ra3 52.
Kh4 Rb3 53. Kg3 Ra3 54. Rb5 Rc3 55. Rb8 Ra3 56. Re8 Rb3 57. Kf4 Rb4+ 58. Re4
Rb3 59. Re3 Rb4+ 60. Kg3 f5 61. f4 fxg4 62. Kxg4 Kf6 63. Ra3 Rb6 64. Rh3 Rb5
65. Rh6+ Kg7 66. Ra6 Rc5 67. f5 Rc1 68. Ra4 Kf6 69. Ra6+ Kf7 70. Ra4 Kf6
1/2-1/2

[Event "Offene Thüringer Seniorenmeisterschaft"]
[Site "Apolda"]
[Date "2024.02.18"]
[Round "3.15"]
[White "Dötzel, Hartwig"]
[Black "Heller, Achim"]
[Result "0-1"]
[WhiteElo "1794"]
[BlackElo "2037"]
[PlyCount "126"]
[EventDate "2024.??.??"]
[WhiteTeam "USV TU Dresden"]
[BlackTeam "SG Ennepe-Ruhr-Süd e.V."]

1. e4 c6 2. d4 d5 3. Nc3 dxe4 4. Nxe4 Bf5 5. Ng3 Bg6 6. h4 h6 7. Nf3 e6 8. h5
Bh7 9. Bd3 Bxd3 10. Qxd3 Nf6 11. Bd2 Be7 12. Ne5 Nbd7 13. Nxd7 Qxd7 14. Be3 Rd8
15. O-O-O Qd5 16. Kb1 b5 17. f3 a5 18. Ne4 a4 19. g4 Qd7 20. Nxf6+ Bxf6 21. f4
Qd5 22. Rh2 Be7 23. Rhh1 b4 24. b3 Qa5 25. Qc4 O-O 26. g5 hxg5 27. fxg5 axb3
28. Qxb3 Bxg5 29. Bxg5 Qxg5 30. h6 g6 31. Qf3 Kh7 32. Qxc6 Rc8 33. Qe4 Ra8 34.
Qe5 Qxe5 35. dxe5 Ra5 36. Kb2 Rxe5 37. Rd4 Rc8 38. Rh2 Rb8 39. Kb3 Re3+ 40. Kb2
Rb7 41. Rd3 Re5 42. Rhh3 Ra5 43. Rb3 g5 44. c3 bxc3+ 45. Kxc3 Rc5+ 46. Kb2 Ra7
47. Ra3 Rb5+ 48. Rab3 Rba5 49. a3 f5 50. Rh5 g4 51. Rb6 Re5 52. Kb3 Re3+ 53.
Kb4 Re4+ 54. Kc3 g3 55. a4 g2 56. Rg5 Rg4 57. Rxg4 fxg4 58. Rb1 Rxa4 59. Rg1
Ra2 60. Kd3 Rf2 61. Ke3 g3 62. Ke4 Kxh6 63. Ke5 Kg5 0-1

[Event "Offene Thüringer Seniorenmeisterschaft"]
[Site "Apolda"]
[Date "2024.02.18"]
[Round "3.16"]
[White "Witte, Ronald"]
[Black "Mitschka, Manfred"]
[Result "1/2-1/2"]
[WhiteElo "1994"]
[BlackElo "1740"]
[PlyCount "92"]
[EventDate "2024.??.??"]
[WhiteTeam "BSV 63 Chemie Weißensee"]
[BlackTeam "SK Neuburg"]

1. d4 Nf6 2. Nf3 e6 3. e3 b6 4. Bd3 Bb7 5. O-O g6 6. c4 Bg7 7. Nc3 O-O 8. e4 d6
9. Be3 Nbd7 10. Qd2 Ng4 11. Bg5 f6 12. Bh4 g5 13. Bg3 Nh6 14. d5 e5 15. h4 Nf7
16. b4 Qe7 17. Rab1 a5 18. a3 axb4 19. axb4 Rfc8 20. Nd1 h6 21. Ne3 Ra3 22. Nf5
Qe8 23. Ne1 Rca8 24. Nc2 Ra2 25. Qd1 Nh8 26. Be2 Qd8 27. h5 Nf7 28. Bg4 Ba6 29.
b5 Bb7 30. Nb4 R2a4 31. f3 Nc5 32. Bf2 Bf8 33. Qc2 Ra3 34. Bxc5 dxc5 35. Nc6
Bxc6 36. bxc6 Nd6 37. Nxd6 Bxd6 38. Rb3 R3a4 39. Rc1 R8a7 40. g3 Ra2 41. Rb2
Qa8 42. Rcb1 R2a3 43. Rb3 Ra2 44. R3b2 R2a3 45. Rb3 Ra2 46. R3b2 R2a3 1/2-1/2

[Event "Offene Thüringer Seniorenmeisterschaft"]
[Site "Apolda"]
[Date "2024.02.18"]
[Round "3.17"]
[White "Sielicki, Tomasz"]
[Black "Lein, Andreas"]
[Result "1-0"]
[WhiteElo "1975"]
[BlackElo "1709"]
[PlyCount "75"]
[EventDate "2024.??.??"]
[WhiteTeam "Trojan Horse Warsaw"]
[BlackTeam "Erfurter SK"]

1. d4 Nf6 2. Bg5 d5 3. Bxf6 exf6 4. e3 Bd6 5. Bd3 Be6 6. Nd2 Nc6 7. a3 a6 8. c4
Be7 9. cxd5 Qxd5 10. Ngf3 Bg4 11. Rc1 O-O 12. Qc2 Qh5 13. h3 Bxf3 14. Nxf3 Bd6
15. O-O Ne7 16. Nd2 Ng6 17. Nc4 Nh4 18. Nxd6 cxd6 19. g3 Ng6 20. Kh2 b5 21. Qc6
d5 22. g4 Qg5 23. f4 Qh6 24. Qxd5 Rfe8 25. Rc7 Rf8 26. Rxf7 Rxf7 27. Qxa8+ Rf8
28. Qxa6 f5 29. Qe6+ Kh8 30. gxf5 Rf6 31. Qc8+ Rf8 32. Qc5 Re8 33. Qc6 Rf8 34.
fxg6 Qh4 35. Qc5 Qd8 36. gxh7 Re8 37. Qg5 Qa5 38. Rg1 1-0

[Event "Offene Thüringer Seniorenmeisterschaft"]
[Site "Apolda"]
[Date "2024.02.18"]
[Round "3.18"]
[White "Paus, Franz"]
[Black "Auerswald, Klaus"]
[Result "1-0"]
[WhiteElo "1958"]
[BlackElo "1669"]
[PlyCount "83"]
[EventDate "2024.??.??"]
[WhiteTeam "Schachfüchse Kempen 1986 e.V."]
[BlackTeam "SV Jenapharm Jena"]

1. e4 e5 2. Nf3 Nc6 3. Bc4 Nf6 4. Nc3 Nxe4 5. Bxf7+ Kxf7 6. Nxe4 d5 7. Neg5+
Kg8 8. d4 h6 9. Nh3 e4 10. Ne5 Bxh3 11. gxh3 Qf6 12. Nxc6 bxc6 13. c3 Bd6 14.
Be3 Rb8 15. Qe2 Kh7 16. O-O-O Rb6 17. Kc2 Rhb8 18. b3 a5 19. Rb1 Be7 20. Rhg1
a4 21. b4 Rf8 22. Qg4 Rbb8 23. h4 Rf7 24. h5 Rff8 25. Qd7 Bd6 26. Rg6 Rf7 27.
Qg4 Qf3 28. h3 Qxg4 29. hxg4 Rbf8 30. Rg1 Rf6 31. Rxf6 gxf6 32. Kd2 Rg8 33. Ke2
f5 34. f3 f4 35. Bf2 Be7 36. Rc1 e3 37. Be1 Rb8 38. a3 Rb7 39. Kd3 Kg7 40. c4
Kf7 41. cxd5 cxd5 42. Rc6 1-0

[Event "Offene Thüringer Seniorenmeisterschaft"]
[Site "Apolda"]
[Date "2024.02.18"]
[Round "3.19"]
[White "Brettschneider, Karl"]
[Black "Reimers, Christine"]
[Result "1-0"]
[WhiteElo "1936"]
[BlackElo "1605"]
[PlyCount "65"]
[EventDate "2024.??.??"]
[WhiteTeam "SC Leinfelden"]
[BlackTeam "Itzehoer SV von 1923"]

1. c4 Nf6 2. Nc3 g6 3. g3 Bg7 4. Bg2 e5 5. e3 O-O 6. Nge2 d6 7. d4 Nbd7 8. O-O
Re8 9. b3 Rb8 10. Bb2 c6 11. a4 e4 12. Qc2 d5 13. Ba3 Bf8 14. cxd5 cxd5 15. Nf4
Bxa3 16. Rxa3 Nf8 17. Raa1 g5 18. Nfe2 Bf5 19. f3 Rc8 20. Qd2 Bg6 21. f4 Bh5
22. fxg5 Bxe2 23. Nxe2 N6d7 24. Rf5 Nb8 25. Nc3 Qa5 26. Nxe4 Qxd2 27. Nxd2 Rxe3
28. Bxd5 Rc7 29. Ne4 Re7 30. Nf6+ Kg7 31. Bc4 Nc6 32. Raf1 Na5 33. Nd5 1-0

[Event "Offene Thüringer Seniorenmeisterschaft"]
[Site "Apolda"]
[Date "2024.02.18"]
[Round "3.21"]
[White "Langner, Hans-Rainer"]
[Black "Schmieder, Siegfried"]
[Result "1/2-1/2"]
[WhiteElo "1583"]
[BlackElo "1857"]
[PlyCount "43"]
[EventDate "2024.??.??"]
[WhiteTeam "Tempelhofer SV Mariendorf 1897"]
[BlackTeam "SG Schwäbisch Gmünd 1872 e.V"]

1. d4 f5 2. c4 g6 3. Nc3 Nf6 4. Nf3 Bg7 5. Bg5 d6 6. Bxf6 Bxf6 7. Qc2 Na6 8. a3
c5 9. Rd1 cxd4 10. Nxd4 Nc5 11. g3 Ne6 12. e3 Nxd4 13. exd4 Be6 14. Qa4+ Bd7
15. Qb4 Rb8 16. Bg2 Bc6 17. Nd5 Bg7 18. O-O O-O 19. Rfe1 Re8 20. Re6 Bd7 21.
Re2 e6 22. Nc3 1/2-1/2

[Event "Offene Thüringer Seniorenmeisterschaft"]
[Site "Apolda"]
[Date "2024.02.18"]
[Round "3.22"]
[White "Klein, Gernot"]
[Black "Richter, Jürgen"]
[Result "1-0"]
[WhiteElo "1680"]
[BlackElo "1748"]
[PlyCount "61"]
[EventDate "2024.??.??"]
[WhiteTeam "Post-Telekom SV 1925 Aachen e.V."]
[BlackTeam "SK Germania Kupferdreh 1924 e.V."]

1. e4 d5 2. exd5 Qxd5 3. Nc3 Qa5 4. d4 Nf6 5. Bc4 Bf5 6. Bd2 c6 7. Nd5 Qd8 8.
Nxf6+ gxf6 9. Ne2 b5 10. Bb3 e6 11. O-O a5 12. a3 Bg7 13. c3 O-O 14. Ng3 Bd3
15. Re1 f5 16. Nh5 Bc4 17. Bxc4 bxc4 18. Nxg7 Kxg7 19. Qh5 Rg8 20. Bh6+ Kh8 21.
Qxf7 Qh4 22. Qxe6 Nd7 23. Re3 Rg6 24. Qxd7 Qxh6 25. Re8+ Rg8 26. Rxg8+ Rxg8 27.
Qxf5 Re8 28. h3 Qd2 29. Rf1 Qxb2 30. Qxa5 Rf8 31. Qb4 1-0

[Event "Offene Thüringer Seniorenmeisterschaft"]
[Site "Apolda"]
[Date "2024.02.18"]
[Round "3.23"]
[White "Geike, Eberhard"]
[Black "Haubt, Georg"]
[Result "0-1"]
[WhiteElo "1743"]
[BlackElo "2051"]
[PlyCount "48"]
[EventDate "2024.??.??"]
[WhiteTeam "Telestar Berlin"]
[BlackTeam "SV Oberursel"]

1. e4 d5 2. exd5 Qxd5 3. Nc3 Qd6 4. Nf3 Nf6 5. h3 c5 6. Bb5+ Bd7 7. O-O Nc6 8.
Re1 g6 9. a4 Bg7 10. Ra3 O-O 11. Bxc6 Bxc6 12. Nb5 Bxb5 13. axb5 Nd5 14. d4
cxd4 15. Nxd4 Rfd8 16. Rd3 Nb4 17. Nf5 Qb6 18. Nxe7+ Kh8 19. Rxd8+ Rxd8 20. Qe2
Bf6 21. Bh6 Bg7 22. Nd5 Nxd5 23. Qe8+ Bf8 24. Qxf7 Qc7 0-1

[Event "Offene Thüringer Seniorenmeisterschaft"]
[Site "Apolda"]
[Date "2024.02.18"]
[Round "3.24"]
[White "Schmid, Walter"]
[Black "Stern, Geoffrey"]
[Result "1/2-1/2"]
[WhiteElo "1730"]
[BlackElo "1967"]
[PlyCount "102"]
[EventDate "2024.??.??"]
[WhiteTeam "TSG Apolda"]
[BlackTeam "Gambit Bonnevoie"]

1. e4 e6 2. d4 d5 3. c3 c5 4. exd5 exd5 5. Nf3 cxd4 6. Nxd4 Nf6 7. Bg5 Be7 8.
Nd2 O-O 9. Be2 Nc6 10. N2f3 Qb6 11. Qb3 Nxd4 12. Nxd4 Qd6 13. O-O b6 14. Rad1
Be6 15. Bf3 Ng4 16. Bxg4 Bxg5 17. Bf3 Rad8 18. Rfe1 Rfe8 19. Re2 Re7 20. Rde1
Rde8 21. Qc2 g6 22. g3 Bf6 23. Qd3 Bh3 24. Rxe7 Rxe7 25. Rxe7 Qxe7 26. Ne2 Kg7
27. Bxd5 Bf5 28. Qd2 Qd7 29. c4 h5 30. f4 h4 31. Kf2 Qe7 32. Nd4 Bg4 33. Nc6
Qd6 34. b4 a6 35. a3 h3 36. Qe3 Be6 37. Qf3 Bc8 38. Qe3 Qc7 39. Ne5 Be6 40.
Bxe6 fxe6 41. Qd4 Kg8 42. Qe4 Bxe5 43. fxe5 Kg7 44. Ke2 a5 45. Qd4 axb4 46.
axb4 Qc6 47. c5 bxc5 48. bxc5 Qg2+ 49. Qf2 Qe4+ 50. Qe3 Qg2+ 51. Qf2 Qe4+
1/2-1/2

[Event "Offene Thüringer Seniorenmeisterschaft"]
[Site "Apolda"]
[Date "2024.02.18"]
[Round "3.25"]
[White "Schmidt, Matthias"]
[Black "Lindner, Helmut"]
[Result "1/2-1/2"]
[WhiteElo "1888"]
[BlackElo "1804"]
[PlyCount "44"]
[EventDate "2024.??.??"]
[WhiteTeam "SC Wolfratshausen 1948 e.V."]
[BlackTeam "SC Prichsenstadt"]

1. d4 d5 2. c4 e6 3. Nc3 Nf6 4. Bg5 Be7 5. Nf3 O-O 6. e3 Nbd7 7. Rc1 h6 8. Bh4
b6 9. cxd5 exd5 10. Bd3 Bb7 11. O-O Rc8 12. a3 Ne4 13. Bxe7 Qxe7 14. Qb3 c6 15.
Rfd1 Ndf6 16. h3 Rfd8 17. Ne5 c5 18. Bxe4 Nxe4 19. Nxe4 dxe4 20. Qa4 f6 21. Ng6
Qf7 22. Nf4 Bc6 1/2-1/2